00366nam a2200157Ia 4500008004000000041000800040082001300048100001700061245003400078260004200112300000800154650001300162650001200175650000700187650001400194210210b1948 xxu||||| |||| 00| 0 eng d aeng a547 WERT aWERTHEIM (E) aTextbook of organic chemistry aPhiladelphiabThe Blakiston Co.c1948 a867 aTextbook aorganic aof achemistry